| 000 | 00449nam a22001457a 4500 | ||
|---|---|---|---|
| 082 |
_a510.28 _bMIT _cL-4, P-19 |
||
| 100 |
_aMitteslstadt, W.S _939076 |
||
| 245 |
_aBasic slide rule operation program for self - instruction _cW.S Mittelstadt |
||
| 250 | _a2nd ed. | ||
| 260 |
_aNew York _bMcgrah - hill book company |
||
| 300 |
_aviii, 235 p. : _bill. ; _c20 cm |
||
| 526 |
_a0 _b0 _c0 _d510_280000000000000_MIT |
||
| 650 |
_aMCE _9379 |
||
| 942 |
_2ddc _cBK |
||
| 999 |
_c543639 _d543639 |
||